000 00317nmm a2200145 a 4500
003 AR-BaBNM
005 20251128202649.0
008 013119s1909 ||||||||||||||000 | spa||
040 _cAR-BaBNM
100 1 _aLichtenberger, Henri
245 1 0 _aWagner
260 _a[S.l.]
_bF. Alcan
_c1909
942 _cBK
998 _cRhizi
999 _c31
_d31